00451 2200145 4500245012900000020001600129250001000145110003000155650001300185005001900198260003800217041001400255084001400269300002200283 aDENGAN PENJELASANNYA LENGKAP BAGIAN-BAGIAN YANG DIAMANDEMEN DAN BUTIR-BUTIR NILAI PANCASILAcBINTANG INDONESIA JakartahText a602218656-0 aCet.1 aBINTANG INDONESIA Jakarta aUUD 1945 a20250131135701 aJakartabBINTANG NDONESIA Jakarta aIndonesia a342.02598 a128 hlm. :c21 cm